00402nam a2200145Ia 450000100060000000800410000604000130004708200200006010000240008024500550010426000500015930000110020954600070022065000290022721354140408s9999 xx 000 0 und d cPK-LaUMT a 612.847bLYL-A aH. Willioughby Lyle aApplied physiology of the eyecH. Willioughby Lyle aLondon,UK:bBailliere, Tindall and Cox,c1958 a341 p. aEN aEyelids-Human physiology